美国50州中译英地名表地图 Chinese-English vocabulary of the 50 states of USA map - Statistics

General Stats
  • This quiz has been taken 93 times
  • The average score is 35 of 50
Answers on the Map
Answers color-coded by a green-red scale on the quiz's map according to % correct below.
 
Answer Stats
中文州名 English % Correct
阿拉斯加 Alaska
99%
阿拉巴马 Alabama
96%
加利福尼亚 California
96%
纽约 New York
94%
夏威夷 Hawaii
90%
俄亥俄 Ohio
90%
德克萨斯 Texas
87%
亚利桑那 Arizona
84%
佛罗里达 Florida
84%
华盛顿 Washington
84%
印第安纳 Indiana
83%
新墨西哥 New Mexico
83%
佐治亚 Georgia
82%
新泽西 New Jersey
81%
堪萨斯 Kansas
78%
密西西比 Mississippi
78%
内华达 Nevada
78%
科罗拉多 Colorado
77%
艾奥瓦 Iowa
77%
犹他 Utah
77%
马里兰 Maryland
76%
伊利诺伊 Illinois
72%
北达科他 North Dakota
71%
弗吉尼亚 Virginia
71%
南达科他 South Dakota
70%
西弗吉尼亚 West Virginia
69%
密歇根 Michigan
67%
北卡罗莱纳 North Carolina
67%
南卡罗莱纳 South Carolina
67%
肯塔基 Kentucky
66%
蒙大拿 Montana
66%
俄克拉荷马 Oklahoma
66%
爱达荷 Idaho
61%
缅因 Maine
61%
威斯康星 Wisconsin
61%
路易斯安那 Louisiana
59%
罗得岛 Rhode Island
59%
密苏里 Missouri
58%
佛蒙特 Vermont
57%
内布拉斯加 Nebraska
55%
俄勒冈 Oregon
55%
怀俄明 Wyoming
55%
阿肯色 Arkansas
54%
特拉华 Delaware
52%
新罕布什尔 New Hampshire
52%
明尼苏达 Minnesota
51%
马萨诸塞 Massachusetts
49%
田纳西 Tennessee
49%
宾夕法尼亚 Pennsylvania
48%
康涅狄格 Connecticut
41%
No matching quizzes found
Score Distribution
Percent of People with Each Score
Percentile by Number Answered
Your Score History
You have not taken this quiz